• 首页
  • 本馆介绍
  • 公告通知
  • 最新文献
  • 馆藏检索
  • 电子资源
  • 读者导购
  • 参考咨询
  • 我的图书馆
  • 登录
  • 详细信息显示
  • 放入我的书架
  • 预约/预借图书
  • 作者相关作品
  • 分类相关作品
  • 丛书相关作品
  • 出版社相关作品

书目信息

  • 表格格式
  • 工作单格式
  • 卡片格式
题名:
沉船
    
 
作者: 泰戈尔 著 ;黄雨石 译
分册:  
出版信息: 北京   外国文学出版社  1981
页数: 326页
开本: 21cm
丛书名: 外国文学
单 册:
中图分类: I351.4
科图分类:
主题词: 小说--印度
电子资源:
ISBN:
000 00758nam2 2200277 45
001 0181007876
005 20060909155219.28
010    @dCNY1.05
091    @a10208.25
100    @a19950517d1981 em y0chiy0121 ea
101 1  @achi@cinc
102    @aCN@b110000
105    @ay z 000ay
200 10 @a沉船@Achen chuan@dThe Wreck@f(印)R.泰戈尔著@F(Yin)R.Tai Ge Er Zhu@g黄雨石译
210    @a北京@c外国文学出版社@d1981
215    @a326页@c肖像@d21cm
225 2  @a外国文学
300    @a书名原文:The Wreck
410  0 @120010@a外国文学
606    @a小说@y印度
690    @aI351.4@v3
701  0 @a泰戈尔@4著
702  0 @a黄雨石@Ahuang yu shi@4译
801  0 @aCN@b上海图书馆@c20060909
801  2 @aCN@bNLC@c20060804
905    @dI351.4@e30@f1@b140132
    
    沉船=The Wreck/(印)R.泰戈尔著/黄雨石译.-北京:外国文学出版社,1981
    326页:肖像;21cm.-(外国文学)
    书名原文:The Wreck
    
    ISBN :CNY1.05
    
●
相关链接 在E读中查询图书 在五车中查询图书 在当当中查询图书 在豆瓣中查询图书


正题名:沉船     索取号:I351.4/30         预约/预借

序号 登录号 条形码 馆藏地/架位号 状态 备注
1 0140131   000743271   第二借阅区/ [索取号:I351.4/30] 在馆    
2 0140132   000788927   第二借阅区/ [索取号:I351.4/30] 在馆    
3 0140133   202116165   第一样本阅览室/ [索取号:I351.4/30] 在馆    
4 0140134   000743333   第二借阅区/ [索取号:I351.4/30] 在馆    
5 0450167   204501672   密集书库/ [索取号:I351.4/30] 在馆    
6 0470922   204709226   密集书库/ [索取号:I351.4/30] 在馆    
唐山师范学院图书馆 欢迎您!
大连网信软件有限公司© 版权所有